<?xml version="1.0" encoding="UTF-8"?>
<record
    xmlns:xsi="http://www.w3.org/2001/XMLSchema-instance"
    xsi:schemaLocation="http://www.loc.gov/MARC21/slim http://www.loc.gov/standards/marcxml/schema/MARC21slim.xsd"
    xmlns="http://www.loc.gov/MARC21/slim">

  <leader>01149nam a22002537i 4500</leader>
  <datafield tag="999" ind1=" " ind2=" ">
    <subfield code="c">22788</subfield>
    <subfield code="d">22788</subfield>
  </datafield>
  <controlfield tag="003">AR-CdUCM</controlfield>
  <controlfield tag="008">240307b20212021pe ||||| |||| 00| 0 spa d</controlfield>
  <datafield tag="040" ind1=" " ind2=" ">
    <subfield code="a">MUNICIPALIDAD PROVINCIAL DEL CUSCO</subfield>
    <subfield code="c">BIBLIOTECA MUNICIPAL DEL CUSCO</subfield>
  </datafield>
  <datafield tag="082" ind1=" " ind2=" ">
    <subfield code="a">370.1170985613 / U24M</subfield>
    <subfield code="b">U24M</subfield>
  </datafield>
  <datafield tag="110" ind1=" " ind2=" ">
    <subfield code="a">Unidad de Gesti&#xF3;n Educativa Local de Quispicanchi</subfield>
    <subfield code="9">49458</subfield>
  </datafield>
  <datafield tag="245" ind1=" " ind2=" ">
    <subfield code="a">Modelo de Gesti&#xF3;n Educativa en la diversidad territorial con pertinencia cultural y ling&#xFC;&#xED;stica.</subfield>
  </datafield>
  <datafield tag="260" ind1=" " ind2=" ">
    <subfield code="a">Quispcanchi-Cusco :</subfield>
    <subfield code="c">2021</subfield>
  </datafield>
  <datafield tag="300" ind1=" " ind2=" ">
    <subfield code="a">111 p&#xE1;ginas. :</subfield>
    <subfield code="c">24 cm.</subfield>
  </datafield>
  <datafield tag="505" ind1=" " ind2=" ">
    <subfield code="a">Fundamentos normativos que sustentan el modelo de gesti&#xF3;n educativa -- Enfoques que sustentan el modelo de gesti&#xF3;n -- Marco conceptual del modelo de gesti&#xF3;n -- Caracterizaci&#xF3;n de la dimensi&#xF3;n educativa.</subfield>
  </datafield>
  <datafield tag="650" ind1=" " ind2=" ">
    <subfield code="a">Modelo de gesti&#xF3;n educativa</subfield>
    <subfield code="9">49450</subfield>
  </datafield>
  <datafield tag="650" ind1=" " ind2=" ">
    <subfield code="a">Proyecto educativo </subfield>
    <subfield code="9">49451</subfield>
  </datafield>
  <datafield tag="650" ind1=" " ind2=" ">
    <subfield code="a">Educaci&#xF3;n neutral</subfield>
    <subfield code="9">49452</subfield>
  </datafield>
  <datafield tag="650" ind1=" " ind2=" ">
    <subfield code="a">Dialogo intercultural </subfield>
    <subfield code="9">49453</subfield>
  </datafield>
  <datafield tag="650" ind1=" " ind2=" ">
    <subfield code="a">Dimensi&#xF3;n educativa</subfield>
    <subfield code="9">49454</subfield>
  </datafield>
  <datafield tag="710" ind1=" " ind2=" ">
    <subfield code="a">Gerencia regionalde educaci&#xF3;n Cusco</subfield>
    <subfield code="9">49459</subfield>
  </datafield>
  <datafield tag="710" ind1=" " ind2=" ">
    <subfield code="a">Gobierno Regional del Cusco</subfield>
    <subfield code="9">9437</subfield>
  </datafield>
  <datafield tag="942" ind1=" " ind2=" ">
    <subfield code="2">ddc</subfield>
    <subfield code="c">LIBROS</subfield>
  </datafield>
  <datafield tag="945" ind1=" " ind2=" ">
    <subfield code="a">pbj</subfield>
    <subfield code="d">07-03-2021</subfield>
  </datafield>
  <datafield tag="952" ind1=" " ind2=" ">
    <subfield code="0">0</subfield>
    <subfield code="2">ddc</subfield>
    <subfield code="4">0</subfield>
    <subfield code="7">0</subfield>
    <subfield code="a">SH</subfield>
    <subfield code="b">SH</subfield>
    <subfield code="c">CART</subfield>
    <subfield code="d">2024-03-07</subfield>
    <subfield code="e">Dep&#xF3;sito Legal</subfield>
    <subfield code="g">10.00</subfield>
    <subfield code="o">370.1170985613 / U24M</subfield>
    <subfield code="p">SH0000016608</subfield>
    <subfield code="r">2024-03-07</subfield>
    <subfield code="y">LIBROS</subfield>
  </datafield>
</record>
